Its the Way You Say It:Becoming Articulate, Well-Spoken and Clear (Record no. 119350)
[ view plain ]
| 000 -LEADER | |
|---|---|
| fixed length control field | 00447nam a2200133Ia 4500 |
| 008 - FIXED-LENGTH DATA ELEMENTS--GENERAL INFORMATION | |
| fixed length control field | 211119s9999||||xx |||||||||||||| ||und|| |
| 082 ## - DEWEY DECIMAL CLASSIFICATION NUMBER | |
| Classification number | 658.47 |
| Item number | FLE-I |
| 100 ## - MAIN ENTRY--PERSONAL NAME | |
| Personal name | Fleming, Carol A |
| 245 #0 - TITLE STATEMENT | |
| Title | Its the Way You Say It:Becoming Articulate, Well-Spoken and Clear |
| 260 ## - PUBLICATION, DISTRIBUTION, ETC. | |
| Name of publisher, distributor, etc. | Harpercollins |
| Place of publication, distribution, etc. | Noida |
| Date of publication, distribution, etc. | 2013 |
| 300 ## - PHYSICAL DESCRIPTION | |
| Extent | xix+239p |
| 650 ## - SUBJECT ADDED ENTRY--TOPICAL TERM | |
| Topical term or geographic name entry element | Technology |
| 942 ## - ADDED ENTRY ELEMENTS (KOHA) | |
| Koha item type | BOOK |
| 650 ## - SUBJECT ADDED ENTRY--TOPICAL TERM | |
| Form subdivision | Management & auxiliary services General managementManagement |
| General subdivision | MBA LIBRARY |
| Withdrawn status | Lost status | Damaged status | Not for loan | Home library | Current library | Date acquired | Cost, normal purchase price | Total Checkouts | Full call number | Barcode | Shelving location | Date last seen | Price effective from | Koha item type |
|---|---|---|---|---|---|---|---|---|---|---|---|---|---|---|
| SB LIBRARY | SB LIBRARY | 19/11/2021 | 350.00 | 658.47 FLE-I | 00132838 | MBA LIBRARY | 19/11/2021 | 19/11/2021 | BOOK |